[Event "HUN-chT"]
[Site "Hungary"]
[Date "1993.??.??"]
[Round "?"]
[White "Bardossi, Jeno"]
[Black "Kereszturi, Sara"]
[Result "1/2-1/2"]
[WhiteElo "2260"]
[BlackElo "2160"]
[PlyCount "46"]
[EventDate "1993.??.??"]
[EventType "team"]
[EventRounds "13"]
[EventCountry "HUN"]
[SourceTitle "TD"]
[Source "ChessBase"]
[SourceDate "1994.03.01"]
[SourceVersion "1"]
[SourceVersionDate "1994.03.01"]
[SourceQuality "1"]

1. e4 c5 2. Nf3 d6 3. d4 cxd4 4. Qxd4 Nc6 5. Bb5 Bd7 6. Bxc6 Bxc6 7. Nc3 Nf6 8. Bg5 e6 9. Rd1 Be7 10. 0-0 0-0 11. h3 Qc7 12. Rfe1 Rfd8 13. Qe3 b5 14. Nd4 b4 15. Nce2 Bb7 16. f3 Qa5 17. Nb3 Qc7 18. c3 a5 19. Rc1 Qd7 20. Red1 Qb5 21. c4 Qe8 22. Qd2 Bc6 23. Nbd4 Rac8 1/2-1/2

[Event "HUN-chT"]
[Site "Hungary"]
[Date "1993.??.??"]
[Round "?"]
[White "Kereszturi, Sara"]
[Black "Kahn, Evarth"]
[Result "0-1"]
[WhiteElo "2160"]
[BlackElo "2360"]
[PlyCount "120"]
[EventDate "1993.??.??"]
[EventType "team"]
[EventRounds "13"]
[EventCountry "HUN"]
[SourceTitle "TD"]
[Source "ChessBase"]
[SourceDate "1994.03.01"]
[SourceVersion "1"]
[SourceVersionDate "1994.03.01"]
[SourceQuality "1"]

1. e4 Nf6 2. e5 Nd5 3. d4 d6 4. Nf3 g6 5. Be2 Bg7 6. 0-0 Nc6 7. c4 Nb6 8. exd6 cxd6 9. Be3 0-0 10. Nc3 Bg4 11. b3 d5 12. c5 Nc8 13. Rc1 e6 14. h3 Bxf3 15. Bxf3 N8e7 16. Ne2 Nf5 17. Qd2 Nh4 18. b4 Nxf3+ 19. gxf3 a6 20. Kg2 Qd7 21. Rfd1 Ne7 22. Bh6 Bxh6 23. Qxh6 a5 24. a3 axb4 25. axb4 Nf5 26. Qf4 Qb5 27. Ng3 Nxg3 28. Kxg3 Ra4 29. Rb1 Rxb4 30. Rxb4 Qxb4 31. Qd2 Qxd2 32. Rxd2 Ra8 33. Kf4 Kf8 34. Rb2 Ra7 35. h4 Ke7 36. h5 gxh5 37. Rb1 Kf6 38. Rh1 Ra3 39. Rd1 Rb3 40. Rd2 Rc3 41. Rd1 Rb3 42. Rd2 h6 43. Rd1 Rc3 44. Rd2 b6 45. cxb6 Rb3 46. Rd1 Rxb6 47. Ke3 Rb3+ 48. Ke2 Kg5 49. Rh1 f6 50. Rg1+ Kf4 51. Rg6 Rb2+ 52. Kd3 Kf5 53. Rxh6 Kg5 54. Rh8 Rxf2 55. Ke3 Ra2 56. Rg8+ Kf5 57. Rh8 Ra3+ 58. Ke2 Kf4 59. Rh6 Re3+ 60. Kd2 Kg5 0-1

[Event "HUN-chT"]
[Site "Hungary"]
[Date "1991.??.??"]
[Round "?"]
[White "Gyimesi, Zoltan"]
[Black "Kereszturi, Sara"]
[Result "1-0"]
[WhiteElo "2240"]
[BlackElo "2090"]
[PlyCount "79"]
[EventDate "1991.??.??"]
[EventType "team"]
[EventRounds "9"]
[EventCountry "HUN"]
[SourceTitle "TD"]
[Source "ChessBase"]
[SourceDate "1994.03.01"]
[SourceVersion "1"]
[SourceVersionDate "1994.03.01"]
[SourceQuality "1"]

1. e4 c5 2. Nf3 d6 3. d4 cxd4 4. Nxd4 Nf6 5. Nc3 Nc6 6. h3 e6 7. g4 a6 8. Bg2 Qc7 9. 0-0 Be7 10. a4 0-0 11. Kh1 Nxd4 12. Qxd4 e5 13. Qd3 Be6 14. Rd1 Rac8 15. Be3 Nd7 16. a5 Bc4 17. Qd2 Rfe8 18. Na4 Be6 19. Rac1 Nc5 20. Nb6 Rcd8 21. b4 Nd7 22. c4 Qb8 23. Nd5 Bf8 24. Rb1 Bxd5 25. exd5 Qc8 26. Rdc1 g6 27. Qc2 Bg7 28. Rb3 Rf8 29. c5 f5 30. c6 bxc6 31. dxc6 Nf6 32. g5 Ne4 33. c7 Rde8 34. b5 axb5 35. Rxb5 Qd7 36. Qc6 Qxc6 37. Rxc6 Rc8 38. Bxe4 fxe4 39. a6 Rf7 40. Rb8 1-0

[Event "Schneider Memorial op"]
[Site "Budapest"]
[Date "1991.??.??"]
[Round "7"]
[White "Kereszturi, Sara"]
[Black "Dragojlovic, Andjelko"]
[Result "0-1"]
[WhiteElo "2090"]
[BlackElo "2415"]
[PlyCount "128"]
[EventDate "1991.??.??"]
[EventType "swiss"]
[EventRounds "11"]
[EventCountry "HUN"]
[SourceTitle "TD"]
[Source "ChessBase"]
[SourceDate "1994.03.01"]
[SourceVersion "1"]
[SourceVersionDate "1994.03.01"]
[SourceQuality "1"]

1. e4 c5 2. Nf3 d6 3. d4 cxd4 4. Nxd4 Nf6 5. Nc3 e6 6. f4 Be7 7. Bb5+ Bd7 8. e5 dxe5 9. fxe5 Nd5 10. Nxd5 exd5 11. Qg4 Bxb5 12. Nxb5 Qa5+ 13. Nc3 d4 14. Qxd4 Nc6 15. Qd5 Bb4 16. 0-0 0-0 17. Qxa5 Bxa5 18. Nd5 Nxe5 19. b3 Rfe8 20. Bf4 Nc6 21. Nc7 Bxc7 22. Bxc7 Re7 23. Bd6 Rd7 24. Bc5 f6 25. Rf2 Kf7 26. Re1 Rad8 27. Kf1 Rd1 28. Rfe2 R8d5 29. Be3 g5 30. h3 h5 31. c4 R5d3 32. Rxd1 Rxd1+ 33. Kf2 Ra1 34. Bc5 a6 35. Kg3 Rc1 36. Kf2 Ra1 37. Kg3 Kg6 38. Kf2 Kf5 39. Rd2 h4 40. Rd5+ Ke4 41. Rd2 Ne5 42. Re2+ Kf5 43. Ke3 Rd1 44. Rf2+ Ke6 45. Rd2 Rb1 46. Bb4 Nxc4+ 47. bxc4 Rxb4 48. Kd3 Rb1 49. Kd4 b6 50. Re2+ Kd6 51. Rf2 Rd1+ 52. Kc3 Ke6 53. Re2+ Kd7 54. Rf2 Rd6 55. a4 a5 56. g3 hxg3 57. Rg2 Rd1 58. Rxg3 Ra1 59. Kb3 Rb1+ 60. Ka3 Rf1 61. Kb2 Kd6 62. Rb3 Rf2+ 63. Kb1 Kc6 64. Rb5 Rf4 0-1

[Event "Budapest IM (Women)"]
[Site "Budapest"]
[Date "1991.??.??"]
[Round "5"]
[White "Kereszturi, Sara"]
[Black "Lukasiewicz, Anna"]
[Result "1/2-1/2"]
[WhiteElo "2090"]
[BlackElo "2115"]
[PlyCount "139"]
[EventDate "1991.??.??"]
[EventType "tourn"]
[EventRounds "11"]
[EventCountry "HUN"]
[SourceTitle "EXT 1997"]
[Source "ChessBase"]
[SourceDate "1996.11.15"]
[SourceVersion "1"]
[SourceVersionDate "1996.11.15"]
[SourceQuality "1"]

1. e4 c5 2. Nf3 Nc6 3. d4 cxd4 4. Nxd4 g6 5. Nc3 Bg7 6. Be3 Nf6 7. Bc4 0-0 8. Bb3 a5 9. a4 Ng4 10. Qxg4 Nxd4 11. Qh4 Nxb3 12. cxb3 Bf6 13. Qg3 d6 14. Nd5 Bxb2 15. Rb1 Bg7 16. Bb6 Qd7 17. Rc1 Qe6 18. Rc4 Bd7 19. Nc7 Qf6 20. Bd4 e5 21. Be3 Qd8 22. Nxa8 Qxa8 23. 0-0 b5 24. Rc7 Be6 25. axb5 Qxe4 26. b6 Rb8 27. Re1 Rxb6 28. Bd2 Qd5 29. Qc3 Qxb3 30. Qxa5 Rb8 31. Rec1 h5 32. R7c3 Qb7 33. Rc7 Qe4 34. Qc3 Rb3 35. Qc2 Qg4 36. Rc3 Bd5 37. Rg3 Rxg3 38. hxg3 Kh7 39. Qd3 Qe6 40. Be3 Ba8 41. Qa6 Qd5 42. f3 e4 43. f4 Qb3 44. Re1 Qc3 45. Kf2 Bc6 46. Qb6 Qc2+ 47. Kg1 Qc3 48. Kf2 Bd5 49. Rc1 Qd3 50. Qb4 Be6 51. Qb1 Bc4 52. Qxd3 Bxd3 53. Bb6 d5 54. Ke3 Bf6 55. Rc8 Bc4 56. Rc6 Kg7 57. Bc5 Bf1 58. Kf2 Bd3 59. Ke3 h4 60. gxh4 Bxh4 61. Bd4+ Kf8 62. g4 Ke7 63. g5 Bg3 64. Rf6 Bf1 65. Bc5+ Ke8 66. Rd6 Bc4 67. Bd4 Ke7 68. Bc5 Ke8 69. Bd4 Ke7 70. Bc5 1/2-1/2

[Event "Schneider Memorial op"]
[Site "Budapest"]
[Date "1991.??.??"]
[Round "4"]
[White "Panchenko, Alexander N"]
[Black "Kereszturi, Sara"]
[Result "1-0"]
[WhiteElo "2430"]
[BlackElo "2090"]
[PlyCount "55"]
[EventDate "1991.??.??"]
[EventType "swiss"]
[EventRounds "11"]
[EventCountry "HUN"]
[SourceTitle "TD"]
[Source "ChessBase"]
[SourceDate "1994.03.01"]
[SourceVersion "1"]
[SourceVersionDate "1994.03.01"]
[SourceQuality "1"]

1. d4 Nf6 2. c4 c5 3. d5 b5 4. Nd2 b4 5. f4 Qc7 6. g3 a5 7. Bg2 Ra6 8. e4 d6 9. Ngf3 e5 10. 0-0 Be7 11. a4 0-0 12. b3 Bg4 13. h3 Bc8 14. Bb2 Nbd7 15. Ne1 Ne8 16. Nd3 Bf6 17. Nf3 g6 18. Qd2 Bg7 19. Rac1 f6 20. h4 Nb6 21. h5 gxh5 22. Nh4 Bd7 23. fxe5 fxe5 24. Rxf8+ Kxf8 25. Qg5 Nf6 26. Nxe5 Be8 27. Rf1 Qd8 28. Nc6 1-0

[Event "Budapest IM (Women)"]
[Site "Budapest"]
[Date "1991.??.??"]
[Round "10"]
[White "Rajcsanyi, Zita"]
[Black "Kereszturi, Sara"]
[Result "1/2-1/2"]
[WhiteElo "2115"]
[BlackElo "2090"]
[PlyCount "122"]
[EventDate "1991.??.??"]
[EventType "tourn"]
[EventRounds "11"]
[EventCountry "HUN"]
[SourceTitle "EXT 1997"]
[Source "ChessBase"]
[SourceDate "1996.11.15"]
[SourceVersion "1"]
[SourceVersionDate "1996.11.15"]
[SourceQuality "1"]

1. e4 c5 2. c3 Nf6 3. e5 Nd5 4. d4 cxd4 5. Nf3 Nc6 6. Bc4 Nb6 7. Bb3 d5 8. cxd4 Bf5 9. Nc3 e6 10. Bg5 Be7 11. Bxe7 Qxe7 12. 0-0 0-0 13. Qe2 a6 14. Rac1 Qb4 15. Qd1 Na5 16. Nh4 Nxb3 17. axb3 Bg6 18. Na4 Nxa4 19. bxa4 Rac8 20. Nxg6 Rxc1 21. Ne7+ Qxe7 22. Qxc1 Qb4 23. Qc5 Qxb2 24. a5 h6 25. g3 b6 26. Qxb6 Qxb6 27. axb6 Rb8 28. Rb1 Rb7 29. Kf1 Kf8 30. Rb3 Ke7 31. Ke2 Kd7 32. Kd2 Kc6 33. Kc2 Rxb6 34. Rf3 Rb7 35. Rc3+ Kd7 36. Rf3 Ke7 37. Ra3 Rb6 38. Kc3 f6 39. f4 fxe5 40. fxe5 Kf7 41. Kd3 Kg6 42. Ke3 Kf5 43. Kf3 h5 44. h3 g6 45. Ke3 g5 46. Kf3 g4+ 47. hxg4+ hxg4+ 48. Ke3 a5 49. Rxa5 Rb3+ 50. Kf2 Ke4 51. Ra6 Rb2+ 52. Kg1 Kxd4 53. Rxe6 Ke4 54. Re8 d4 55. e6 d3 56. Rd8 Rb7 57. Rd7 Rb8 58. e7 Re8 59. Kf2 Kf5 60. Ke3 Ke6 61. Rxd3 Rxe7 1/2-1/2

[Event "Biel op (Women)"]
[Site "Biel"]
[Date "1990.??.??"]
[Round "8"]
[White "Kereszturi, Sara"]
[Black "Stangl, Anita"]
[Result "0-1"]
[WhiteElo "2095"]
[BlackElo "2085"]
[PlyCount "70"]
[EventDate "1990.07.??"]
[EventType "swiss"]
[EventRounds "9"]
[EventCountry "SUI"]
[SourceTitle "TD"]
[Source "ChessBase"]
[SourceDate "1994.03.01"]
[SourceVersion "1"]
[SourceVersionDate "1994.03.01"]
[SourceQuality "1"]

1. e4 e6 2. d4 d5 3. Nd2 Nf6 4. e5 Nfd7 5. c3 c5 6. Bd3 Nc6 7. Ne2 Qb6 8. Nf3 cxd4 9. cxd4 f6 10. exf6 Nxf6 11. 0-0 Bd6 12. Nc3 0-0 13. Be3 a6 14. a3 Kh8 15. h3 Bd7 16. Re1 Rac8 17. Rc1 Na5 18. Ne5 Qxb2 19. Nxd7 Nxd7 20. Qa4 Rxc3 21. Qxd7 Bb8 22. Qe7 Qxa3 23. Qxe6 Rxc1 24. Rxc1 Qxd3 25. Qxd5 Nc6 26. Qd7 Qb5 27. d5 Na7 28. Qe7 Re8 29. Qf7 Rg8 30. Bd4 h6 31. g3 Qd3 32. Be3 Nb5 33. Qxb7 Nc3 34. Re1 Nxd5 35. Bc1 Bxg3 0-1

[Event "HUN-chT"]
[Site "Hungary"]
[Date "1989.??.??"]
[Round "7"]
[White "Kereszturi, Sara"]
[Black "Egerland, Edit"]
[Result "1/2-1/2"]
[WhiteElo "2230"]
[BlackElo "2235"]
[PlyCount "33"]
[EventDate "1989.??.??"]
[EventType "team"]
[EventRounds "13"]
[EventCountry "HUN"]
[SourceTitle "EXT 2009"]
[Source "ChessBase"]
[SourceDate "2008.11.26"]
[SourceVersion "1"]
[SourceVersionDate "2008.11.26"]
[SourceQuality "1"]

1. e4 e6 2. d4 d5 3. Nd2 Nf6 4. e5 Nfd7 5. Bd3 c5 6. c3 Nc6 7. Ne2 cxd4 8. cxd4 Qb6 9. Nf3 f6 10. exf6 Nxf6 11. 0-0 Bd6 12. Nc3 0-0 13. Be3 a6 14. a3 Qc7 15. h3 Bd7 16. Rc1 Bf4 17. Re1 1/2-1/2

[Event "Zalakaros op 07th"]
[Site "Zalakaros"]
[Date "1988.??.??"]
[Round "1"]
[White "Emodi, Gyula"]
[Black "Kereszturi, Sara"]
[Result "1-0"]
[WhiteElo "2385"]
[BlackElo "2175"]
[PlyCount "41"]
[EventDate "1988.04.??"]
[EventType "swiss"]
[EventRounds "11"]
[EventCountry "HUN"]
[SourceTitle "EXT 1997"]
[Source "ChessBase"]
[SourceDate "1996.11.15"]
[SourceVersion "1"]
[SourceVersionDate "1996.11.15"]
[SourceQuality "1"]

1. e4 c5 2. Nf3 d6 3. d4 cxd4 4. Nxd4 Nf6 5. Nc3 g6 6. Be3 Bg7 7. f3 0-0 8. Qd2 Nc6 9. h4 h5 10. 0-0-0 Nxd4 11. Bxd4 Be6 12. Nd5 Nxd5 13. exd5 Bd7 14. g4 hxg4 15. h5 Bxd4 16. Qxd4 g5 17. Bd3 gxf3 18. h6 f6 19. Rdg1 Rf7 20. Rxg5+ Kh8 21. Rg7 1-0